00428nam a22001337a 450000500170000000800410001704100130005808200120007110000130008324500960009626000470019230000290023965000260026820240717055148.0240717b |||||||| |||| 00| 0 eng d aEnglish  a349 SOU lEnglish  aSouth African Law Reports : bwith which are amalgamated The All South African Law Reports  aCape Town: bJuta and Company Ltd, c1950  bix, 888 pages; c26 cm.  aLegal practice bLaw